Praha orientační plán /

Korporativní autor: Kartografické nakladatelství (Praha, Česko)
Další autoři: Podloucký, Ján
Jazyk: Ruština
Němčina
Francouzština
Čeština
Angličtina
Vydáno: Praha : Kartografické nakladatelství, 1967
Vydání: 1. vyd.
Témata:
Fyzický popis: 1 mapa : barev. ; 73 x 57 cm, na listu 76 x 60 cm
Language note: Souběžný český, ruský, anglický, francouzský a německý text
Mapy
Uloženo v:
LEADER 01186nem a2200337 i 4500
001 001403770
003 CZ BrMZK
005 20160122085311.0
007 aj|canzn
008 111208s1967 xr a 0| cze d
034 1 |a a  |b 15000 
040 |a BOA001  |b cze 
041 0 |a cze  |a rus  |a eng  |a fre  |a ger 
043 |a e-xr---  |b e-xr-pg  |2 czenas 
072 7 |a 913(437)  |x Geografie Česka a Slovenska, reálie, cestování  |2 Konspekt  |9 7 
072 7 |a 912  |x Mapy. Atlasy. Glóby  |2 Konspekt  |9 7 
080 |a 913(437.311)  |2 MRF 
080 |a (084.3)  |2 MRF 
245 0 0 |a Praha  |h [kartografický dokument] :  |b orientační plán /  |c odpovědný redaktor Jan Podloucký 
250 |a 1. vyd. 
255 |a Měřítko 1:15 000 
260 |a Praha :  |b Kartografické nakladatelství,  |c 1967 
300 |a 1 mapa :  |b barev. ;  |c 73 x 57 cm, na listu 76 x 60 cm 
546 |a Souběžný český, ruský, anglický, francouzský a německý text 
655 7 |a plány měst  |7 fd133027  |2 czenas 
651 7 |a Praha (Česko)  |7 ge118011  |2 czenas 
700 1 |a Podloucký, Ján  |4 pbd 
710 2 |a Kartografické nakladatelství (Praha, Česko)  |4 pbl 
910 |a BOA001  |b Skř.9A-0595.114 
990 |a MP 
991 |b 201407